Poverty alleviation in the third world / (Record no. 67040)

MARC details
000 -LEADER
fixed length control field 00461nam a22001457a 4500
005 - DATE AND TIME OF LATEST TRANSACTION
control field 20180802161836.0
020 ## - INTERNATIONAL STANDARD BOOK NUMBER
International Standard Book Number 817648802X
Terms of availability 795.00
035 ## - SYSTEM CONTROL NUMBER
System control number B-121879, B-121878, B-121881
037 ## - SOURCE OF ACQUISITION
Stock number DPL
Source of stock number/acquisition ENG
245 ## - TITLE STATEMENT
Title Poverty alleviation in the third world /
Statement of responsibility, etc edited by Sita Ram Singh
260 ## - PUBLICATION, DISTRIBUTION, ETC. (IMPRINT)
Place of publication, distribution, etc New Delhi
Name of publisher, distributor, etc APH Publishing Corporation
Date of publication, distribution, etc 2005
300 ## - PHYSICAL DESCRIPTION
Extent 328p.
Dimensions 20 cms.
700 ## - ADDED ENTRY--PERSONAL NAME
Personal name Singh, Sita Ram
9 (RLIN) 47741
942 ## - ADDED ENTRY ELEMENTS (KOHA)
Source of classification or shelving scheme Dewey Decimal Classification
Item type English Books
Classification part 339.46
Call number suffix POV
Holdings
Withdrawn status Lost status Not for loan Collection code Home library Current library Date acquired Cost, normal purchase price Full call number Barcode Cost, replacement price Koha item type Source of acquisition
      Non-fiction Patel Nagar Patel Nagar 26/07/2018 795.00 339.46 POV B-121878 795.00 English Books BPPD/Pub
      Non-fiction Sarojini Nagar Sarojini Nagar 22/05/2012 795.00 339.46 POV B-121879 795.00 English Books  
      Non-fiction Shahdara Branch Shahdara Branch 02/08/2018 0.00 339.46 POV B-121881 0.00 English Books BPPD/PUB

© Delhi Public Library
Hit Counter
free hit counter